[Event "1st Goa GM Open 2018"]
[Site "Taleigao"]
[Date "2018.10.16"]
[Round "5"]
[White "Rathanvel, V S"]
[Black "Kavinda, Akila"]
[Result "1-0"]
[WhiteElo "2341"]
[BlackElo "2025"]
[Annotator "TA"]
[PlyCount "81"]
[EventDate "2018.10.13"]
[EventType "swiss"]
[EventCountry "IND"]
[SourceTitle "playchess.com"]
[Source "ChessBase"]
[SourceQuality "1"]

{[%evp 18,81,27,34,36,21,52,57,72,31,16,14,65,66,80,80,81,84,104,70,77,75,81,75,84,27,174,172,218,216,224,211,270,258,323,211,404,301,321,315,328,312,326,327,311,322,616,610,584,553,1003,993,974,956,6199,6193,6193,6186,6186,6186,5989,1783,29938,6193,5585,5185]} 1. e4 g6 2. d4 Bg7 3. Nc3 d6 4. Bg5 a6 5. Nf3 b5 6. Bd3 {B06: Modern Defence} Nd7 7. a4 b4 8. Ne2 Bb7 9. O-O Ngf6 10. Ng3 {LiveBook: 4 Games} c5 11. c3 d5 $146 {[%cal Rd5e4]} ({Predecessor:} 11... h6 12. Bd2 bxc3 13. bxc3 cxd4 14. cxd4 {1-0 (44) Rublevsky,S (2702)-Bachmann,A (2593) Berlin 2015}) 12. e5 Ne4 13. Bxe4 dxe4 14. Nd2 O-O ({Black should try} 14... cxd4 $11 15. cxd4 f6) 15. Ndxe4 $14 bxc3 16. bxc3 Bd5 17. Qd2 f6 18. exf6 (18. dxc5 $6 Nxe5 19. Bh6 Nc4 $11) 18... exf6 19. Bh6 (19. dxc5 Bxe4 20. Nxe4 fxg5 $11) 19... f5 {Threatens to win with ...Bxh6.} 20. Bxg7 Kxg7 21. Nxc5 ({White should play} 21. Ng5 $16) 21... f4 (21... Nxc5 $11 22. dxc5 Bc4) 22. Nge4 $18 Nxc5 23. Nxc5 f3 {[#] Hoping for ...Qh4.} 24. Rfe1 $1 fxg2 25. Re5 Qd6 26. Qg5 Bc4 $2 (26... Rad8 {keeps fighting.} 27. Rxd5 Qxd5 28. Qxd5 (28. Qxg2 Qc4 $11) 28... Rxd5) 27. Rae1 Rf7 28. Re7 (28. Kxg2 Qc6+ 29. Kg1 Raf8 $18) (28. Qxg2 $6 Raf8 $18) 28... Ra7 29. Rxa7 Rxa7 30. Qe5+ ({Not} 30. Qxg2 Re7 $18) ({Don't take} 30. Kxg2 Bd5+ 31. Kg1 Rf7 $18) 30... Qxe5 31. Rxe5 {[%mdl 4096] Endgame KRB-KRN} ({Weaker is} 31. dxe5 Rc7 $16) 31... Bf1 $2 (31... Kf7 32. Kxg2 Re7) 32. d5 Kf6 33. f4 g5 34. d6 gxf4 {[#]} 35. d7 $1 {[%mdl 512]} Kxe5 36. d8=Q Rf7 37. Qe8+ Kf6 38. Ne4+ Kg7 39. Nd6 Rf6 40. Qe7+ Kg6 41. Ne4 {Precision: White = 76%, Black = 30%.} 1-0

[Event "1st Goa GM Open 2018"]
[Site "Taleigao"]
[Date "2018.10.16"]
[Round "5"]
[White "Pradeep Kumar R A"]
[Black "Amonatov, Farrukh"]
[Result "0-1"]
[WhiteElo "2279"]
[BlackElo "2615"]
[Annotator "TA"]
[PlyCount "72"]
[EventDate "2018.10.13"]
[EventType "swiss"]
[EventCountry "IND"]
[SourceTitle "playchess.com"]
[Source "ChessBase"]
[SourceQuality "1"]

{[%evp 18,72,-16,-14,-26,-12,-12,-24,-16,-54,-32,-50,-47,-68,-68,-84,-91,-220,-162,-297,-309,-332,-334,-344,-352,-410,-409,-394,-273,-278,-273,-283,-283,-437,-397,-363,-369,-417,-417,-412,-411,-394,-383,-459,-441,-547,-541,-579,-558,-839,-756,-1025,-859,-1072,-1053,-1043,-1040]} 1. Nf3 c5 2. g3 Nc6 3. Bg2 g6 4. O-O Bg7 5. c4 e6 6. Nc3 Nge7 7. d3 O-O 8. a3 d5 9. cxd5 exd5 {A37: Symmetrical English vs ...g6: 4 Bg2 Bg7 5 Nf3} 10. Bf4 {LiveBook: 7 Games} Be6 (10... b6 11. Qd2 Bg4 12. Rab1 d4 13. Ne4 Nd5 14. Bh6 a5 15. h3 Bxf3 16. Bxf3 {½-½ (63) Adly,A (2626)-Karthik,V (2470) Dubai 2018}) 11. Rc1 b6 $146 {[%cal Bb7b6,Bb6b5][%mdl 32] The position is equal.} ({Predecessor:} 11... Rc8 12. Qa4 Qd7 13. Rfe1 h6 14. h4 b6 15. Kh2 d4 16. Ne4 Nd5 17. Qc2 Nxf4 18. gxf4 {0-1 (45) Schmitt,P (2025)-Zuse,K (2274) Germany 2008}) 12. Qa4 a6 13. Bg5 b5 14. Qd1 h6 15. Bxe7 Qxe7 16. e4 dxe4 17. Nd2 (17. Nxe4 $17 {might work better.} c4 18. Qc2) 17... Ne5 $36 {[%mdl 2048] Strongly threatening ...Bg4. Keeping White busy.} 18. Bxe4 (18. dxe4 {was the only defense.} Nd3 19. Rc2) 18... Rad8 19. Qe2 f5 20. Bg2 Qf7 ({Not} 20... Rxd3 21. Nf3 $19) 21. Nf3 Nxd3 22. Rcd1 c4 23. Ne1 Kh7 24. Nxd3 cxd3 25. Qf3 (25. Qe3 {was the only chance.}) 25... d2 26. Nb1 Bc4 ({Less strong is} 26... Bxb2 27. Rxd2 Rxd2 28. Nxd2 $19) 27. Rxd2 Bxf1 28. Bxf1 Rxd2 29. Nxd2 Bxb2 30. h4 Rd8 {Black is clearly winning.} 31. Qe2 Qe8 32. Qxe8 Rxe8 33. a4 bxa4 34. Bxa6 a3 35. Bc4 Rc8 {[#] White must now prevent ...Rxc4!} 36. Bb3 Rc3 {Precision: White = 21%, Black = 88%.} 0-1

[Event "1st Goa GM Open 2018"]
[Site "Taleigao"]
[Date "2018.10.16"]
[Round "5"]
[White "Ritviz, Parab"]
[Black "Kunte, Abhijit"]
[Result "1/2-1/2"]
[WhiteElo "2252"]
[BlackElo "2484"]
[Annotator "TA"]
[PlyCount "107"]
[EventDate "2018.10.13"]
[EventType "swiss"]
[EventCountry "IND"]
[SourceTitle "playchess.com"]
[Source "ChessBase"]
[SourceQuality "1"]

{[%evp 9,106,7,13,-25,4,0,66,-8,-6,-15,-9,-12,-34,-123,-130,-122,-65,-116,-83,-85,-93,-99,-99,-125,-84,-89,-63,-73,-32,-35,-32,-56,-16,-41,-3,-2,0,0,0,0,0,0,0,-6,0,0,0,0,0,-3,20,21,20,0,0,0,8,8,8,7,8,8,8,8,8,0,0,0,0,0,0,0,0,0,0,0,0,0,0,0,0,0,0,0,0,0,0,0,0,0,0,0,0,0,0,0,0,0,0]} 1. e4 c5 2. Nc3 e6 3. f4 a6 4. g3 (4. Nf3 d5 5. d3 dxe4 6. dxe4 Qxd1+ 7. Nxd1 Nc6 8. c3 Nf6 9. Nf2 Be7 10. Bd3 O-O 11. Be3 b5 12. a4 {0-1 (31) Shabalov,A (2568)-Zherebukh,Y (2633) chess.com INT 2018}) 4... b5 {[%cal Bb7b5,Bb5b4][%mdl 32]} 5. Bg2 Bb7 6. Nge2 {B23: Closed Sicilian: Lines without g3} b4 $146 ({Predecessor:} 6... d5 7. e5 Nc6 8. O-O h5 9. h3 Nh6 10. d3 Rc8 11. Bd2 Nf5 {1-0 (31) Jonsson,G (2011)-Magnusdottir,V (1770) Reykjavik 2017}) 7. Na4 f5 (7... d5 $11) 8. d4 (8. d3 $14) 8... cxd4 9. Qxd4 Nf6 {[%cal Rb7e4]} 10. Nb6 Nc6 11. Qf2 {[#]} (11. Qg1 $1 $15 fxe4 12. Nxa8 Qxa8 13. Be3) 11... Rb8 $1 $17 {[%cal Ba8b8,Bb8b7,Bb7c7][%mdl 32]} 12. exf5 {[#]} Ne7 (12... b3 $1 $17 13. fxe6 (13. axb3 $2 Nb4 $19) 13... Nb4) 13. Nc4 (13. Na4 $15) 13... Nxf5 14. Bxb7 {Hoping for Bf3.} Rxb7 15. Qf3 Rc7 16. b3 d5 17. Ne3 Nxe3 18. Bxe3 Bc5 (18... Qc8 {looks sharper.} 19. Bd4 Be7 20. Rc1 O-O 21. Qd3 Ne4) 19. Bxc5 Rxc5 20. Nd4 Qb6 21. Qe2 O-O 22. Qxe6+ {The position is equal.} ({Don't blunder} 22. Nxe6 $2 Rc3 $19) 22... Qxe6+ 23. Nxe6 Re8 24. f5 Rxc2 {Threatening ...Rg2.} 25. O-O Rec8 26. Nd4 R2c3 27. Rfd1 Ng4 28. a3 Ne3 29. Re1 $1 Re8 {aiming for ...Re4.} 30. axb4 Re4 31. Ne2 Rxb3 32. Nf4 {Nxd5! is the strong threat.} Rexb4 {[#] Strongly threatening ...Nc2.} (32... Nxf5 {seems wilder.} 33. Nxd5 Rxe1+ 34. Rxe1 Nd4 35. Re8+ Kf7) 33. Rxe3 $1 {[%mdl 512]} Rxe3 34. Nxd5 Reb3 {Threatens to win with ...Rb1+.} 35. Nxb4 Rxb4 36. Rxa6 $11 {[%mdl 4096] Endgame KR-KR} Rb5 37. g4 h5 38. h3 hxg4 39. hxg4 Rb4 40. Rg6 Rb2 41. f6 Rb7 42. Kg2 Kh7 43. fxg7 Rxg7 44. Rxg7+ Kxg7 {KP-K} 45. Kg3 Kg6 46. Kf4 $1 Kf6 47. g5+ Kg6 48. Kg4 Kg7 49. Kh5 Kh7 50. g6+ $1 Kg7 51. Kg5 $1 Kg8 52. Kf6 {White wants to mate with g7.} Kf8 $2 {[%mdl 8192]} (52... Kh8 53. g7+ Kg8 54. Kg6) 53. g7+ Kg8 54. Kg6 {Precision: White = 71%, Black = 65%.} 1/2-1/2

[Event "1st Goa GM Open 2018"]
[Site "Taleigao"]
[Date "2018.10.16"]
[Round "5"]
[White "Kumar, Gaurav"]
[Black "Vignesh N R"]
[Result "1/2-1/2"]
[WhiteElo "2236"]
[BlackElo "2447"]
[Annotator "TA"]
[PlyCount "54"]
[EventDate "2018.10.13"]
[EventType "swiss"]
[EventCountry "IND"]
[SourceTitle "playchess.com"]
[Source "ChessBase"]
[SourceQuality "1"]

{[%evp 19,54,51,56,54,52,46,74,73,62,60,75,75,97,87,79,58,124,111,106,109,100,85,109,97,114,100,120,108,121,110,122,115,112,-2184,-731,-700,132]} 1. e4 c5 2. Nf3 d6 3. d4 cxd4 4. Nxd4 Nf6 5. Nc3 e6 6. g4 a6 7. g5 Nfd7 8. Be3 Be7 9. Qd2 Nc6 10. Rg1 O-O {LiveBook: 5 Games. B81: Sicilian Scheveningen: Keres Attack} 11. f4 (11. O-O-O Nxd4 12. Bxd4 b5 13. f4 b4 14. Ne2 Qa5 15. Kb1 e5 16. Bf2 Nc5 17. Qe3 Be6 18. Nc1 exf4 19. Qxf4 {0-1 (39) Ljubojevic,L (2610)-Kasparov,G (2750) Belfort 1988}) 11... Nxd4 $1 12. Bxd4 e5 $146 {White is slightly better.} ({Predecessor:} 12... b5 13. O-O-O b4 14. Na4 Qa5 15. b3 Nc5 16. Qe3 Nxa4 17. bxa4 Qxa4 18. Bf6 {1-0 (38) Jelica,M (2160)-Sultanova,N Buenos Aires 1992}) 13. Be3 exf4 14. Bxf4 Ne5 {[#] And now ...Nf3+ would win.} 15. Be2 Re8 16. Nd5 Bf8 17. Be3 Nd7 (17... Be6 $14) 18. Bd4 Rxe4 {[#]} 19. O-O-O $1 Ne5 20. Nc3 Rxd4 21. Qxd4 Be6 22. Nd5 Rc8 23. Rg3 Qa5 24. Ra3 Qc5 {[%csl Gc8][%cal Rc5c2]} 25. Rc3 Qxd4 26. Rdd3 $2 {[%mdl 8192]} (26. Rxd4 $16 Rxc3 27. Nxc3) 26... Qxc3 27. Rxc3 Rc7 $2 (27... Rxc3 $19 28. Nxc3 Be7) 1/2-1/2

[Event "1st Goa GM Open 2018"]
[Site "Taleigao"]
[Date "2018.10.16"]
[Round "5"]
[White "Gajwa Ankit"]
[Black "Himanshu, Sharma"]
[Result "1-0"]
[WhiteElo "2224"]
[BlackElo "2444"]
[Annotator "TA"]
[PlyCount "93"]
[EventDate "2018.10.13"]
[EventType "swiss"]
[EventCountry "IND"]
[SourceTitle "playchess.com"]
[Source "ChessBase"]
[SourceQuality "1"]

{[%evp 23,93,-4,0,0,7,0,0,-1,41,8,112,122,93,70,81,68,69,68,85,87,102,108,103,106,117,97,103,100,115,110,104,101,193,172,218,216,200,185,170,180,379,370,481,456,425,421,612,658,723,714,683,610,865,896,908,904,867,815,708,683,654,590,904,835,5455,2779,29982,29983,29983,29984,29984,29985]} 1. e4 c5 2. Nf3 Nc6 3. d4 cxd4 4. Nxd4 Nf6 5. Nc3 d6 6. Bg5 e6 7. Qd2 Be7 8. O-O-O Nxd4 9. Qxd4 O-O 10. f4 {[%cal Bf2f4,Bf4f5][%mdl 32]} Qa5 11. Kb1 Rd8 12. Bc4 Bd7 {LiveBook: 11 Games. B65: Sicilian: Richter-Rauzer: 7...Be7 8 0-0-0 0-0 9 f4 Nxd4} 13. f5 (13. Bb3 Rac8 14. g4 Qc5 15. Qd3 Bc6 16. f5 d5 17. Be3 Qa5 18. fxe6 fxe6 19. Bd4 Nxe4 20. Nxe4 dxe4 21. Bxe6+ Kh8 22. Qh3 Bd5 23. Bxd5 Rxd5 24. g5 Qc7 25. Bc3 Rxd1+ 26. Rxd1 Rd8 {½-½ (26) Carlsen,M (2646)-Nisipeanu,L (2695) Sarajevo 2006}) 13... b5 {[%cal Bb7b5,Bb5b4][%mdl 32]} 14. Bb3 b4 $1 {[%cal Rb4c3] The position is equal.} 15. Ne2 e5 16. Qe3 $146 ({Predecessor:} 16. Qc4 Be8 17. Bxf6 Bxf6 18. c3 Rab8 19. cxb4 Rxb4 20. Qd5 {1-0 (51) Chaderon,L (2110)-Rue,P (2105) France 1998}) 16... Bb5 (16... Qc5 $11) 17. Bxf6 $16 Bxf6 18. g4 Qb6 19. Qxb6 axb6 20. Nc1 $1 Bh4 21. Bd5 Ra5 22. Nd3 Bxd3 23. Rxd3 Rc8 24. Rhd1 h6 25. Bb3 Be7 26. Rxd6 Bxd6 27. Rxd6 {[%mdl 4096] Endgame KRR-KRB} Ra7 (27... Raa8 $16 {was called for.}) 28. Rxb6 $18 Rd7 {[%cal Rd7d1] [#]} 29. Bd5 Rdc7 30. Rxb4 Rxc2 {[%csl Gc8][%cal Rc2c1]} 31. a4 R2c7 $2 (31... Rxh2 32. Rb7 Rh1+ 33. Ka2 Rd1) 32. Rb7 Rxb7 33. Bxb7 {KR-KB} Rc7 34. Bd5 Ra7 (34... Kf8 $142 35. b4 Ke7) 35. b3 Kf8 36. Kb2 Ke7 37. Ka3 Kd6 38. Kb4 Kc7 39. Kb5 Kb8 40. Kb6 Rd7 41. a5 {[%cal Ba4a5,Ba5a6][%mdl 32]} Rd6+ 42. Kc5 Rd8 43. b4 {[%cal Bb3b4,Bb4b5][%mdl 32]} Rc8+ 44. Kb6 {[#] a6 would kill now.} Rc1 45. a6 {White mates.} Ra1 46. Bxf7 Ra4 47. b5 {Precision: White = 94%, Black = 38%.} 1-0

[Event "1st Goa GM Open 2018"]
[Site "Taleigao"]
[Date "2018.10.16"]
[Round "5"]
[White "Swati Ghate"]
[Black "Vardan Nagpal"]
[Result "0-1"]
[WhiteElo "2215"]
[BlackElo "2433"]
[Annotator "TA"]
[PlyCount "114"]
[EventDate "2018.10.13"]
[EventType "swiss"]
[EventCountry "IND"]
[SourceTitle "playchess.com"]
[Source "ChessBase"]
[SourceQuality "1"]

{[%evp 14,114,4,0,38,0,35,33,37,13,21,0,28,0,40,22,25,38,38,18,28,11,15,14,16,7,19,6,27,-8,33,2,10,0,16,15,22,-10,-8,-20,31,29,45,45,45,39,50,35,36,37,31,34,39,26,40,45,53,21,53,53,53,53,80,31,104,26,31,14,42,0,0,0,77,76,77,70,68,66,70,64,63,29,31,0,63,58,59,52,52,42,54,62,73,63,54,47,52,0,0,0,0,0,0]} 1. Nf3 d5 2. e3 Nf6 3. c4 c6 4. b3 Bg4 5. h3 Bh5 6. Bb2 e6 7. Be2 Nbd7 8. d3 {LiveBook: 44 Games} Bg6 {A12: English Opening: 1...c6 with b3 by White} (8... h6 9. Nbd2 Bd6 10. Qc2 Qe7 11. O-O O-O 12. Rfc1 Rfe8 13. Nf1 Bg6 14. a3 a5 15. cxd5 exd5 16. N1d2 {½-½ (45) Granda Zuniga,J (2685)-Peralta,F (2572) Sitges 2015}) 9. Nc3 Bd6 $146 ({Predecessor:} 9... h6 10. O-O Bd6 11. cxd5 exd5 12. e4 O-O 13. exd5 Nxd5 14. Nxd5 cxd5 15. Qd2 Re8 16. Rfe1 {½-½ (60) Vokac,M (2507)-Virostko,P (2294) Plzen 2001}) 10. Nh4 Qe7 {White is slightly better.} 11. Qc2 a6 12. O-O O-O 13. Rfe1 b5 14. Rac1 Rfd8 15. Nxg6 hxg6 16. Bf1 Nc5 17. cxd5 cxd5 18. Ne2 Qb7 19. Nd4 Rac8 20. Qd2 Nfd7 21. f4 Nb8 22. Nf3 Ncd7 23. Bc3 Be7 24. Qb2 Bf6 25. Ne5 Nxe5 26. fxe5 Be7 (26... Bh4 $11) 27. d4 $14 Rc6 28. Bd2 Rdc8 29. Rxc6 Rxc6 30. Rc1 Rxc1 31. Qxc1 Nc6 32. Bd3 Qb6 33. Kf1 Qb7 34. Ke2 Kf8 35. g3 Nb4 36. Bb1 Kg8 37. h4 Nc6 38. Qh1 Bf8 (38... Ba3 $14) 39. g4 (39. h5 $16 g5 40. Qc1) 39... Qe7 $11 40. Qh3 Nd8 41. h5 gxh5 $1 42. gxh5 f5 (42... Qg5 $11) 43. exf6 $1 $16 Qxf6 44. Be1 Be7 45. Bg3 Nf7 46. Bg6 Kf8 47. Qg4 Nh6 48. Qh3 {Hoping for Be5.} Nf7 49. Bf4 Nh8 50. Bd3 {[#] h6 is the strong threat.} Nf7 51. Qh2 Ke8 52. a4 bxa4 53. bxa4 a5 54. Bg6 Kd7 55. Qg1 (55. Bg3 $14) 55... Bd6 $11 {The position is equal.} 56. Qb1 Bxf4 57. exf4 {[#] Strongly threatening Qb7+.} Nd6 {[%mdl 32768] Precision: White = 42%, Black = 45%. . Loss on Time!?} 0-1

[Event "1st Goa GM Open 2018"]
[Site "Taleigao"]
[Date "2018.10.16"]
[Round "5"]
[White "Deshpande, Aniruddha"]
[Black "Das, Sayantan"]
[Result "0-1"]
[WhiteElo "2213"]
[BlackElo "2425"]
[Annotator "TA"]
[PlyCount "50"]
[EventDate "2018.10.13"]
[EventType "swiss"]
[EventCountry "IND"]
[SourceTitle "playchess.com"]
[Source "ChessBase"]
[SourceQuality "1"]

{[%evp 22,50,14,11,47,-45,-9,-75,-38,-41,-41,-41,-45,-77,-83,-95,-95,-95,-95,-95,-87,-379,-376,-368,-371,-363,-365,-402,-414,-756,-596]} 1. d4 Nf6 2. c4 g6 3. g3 Bg7 4. Bg2 O-O 5. Nc3 d6 6. Nf3 {[%cal Bg1f3,Bf3e1,Be1d3][%mdl 32]} Nc6 7. O-O e5 8. d5 Nb8 9. Ne1 {E62: King's Indian: Fianchetto: 6...c6 and Panno Variation (6...Nc6) without ...a6} a5 10. e4 Na6 11. Nd3 Nd7 {[%cal Bf6d7,Bd7c5,Bc5d3][%mdl 32]} 12. a3 {LiveBook: 4 Games} (12. Be3 Ndc5 13. Nxc5 Nxc5 14. Qd2 f5 15. exf5 gxf5 16. f4 e4 {1-0 (50) Svidler,P (2753)-Yu,Y (2759) Shenzhen 2018}) 12... f5 $146 ({Predecessor:} 12... Ndc5 13. Be3 f5 14. exf5 gxf5 15. f4 Nxd3 16. Qxd3 e4 {½-½ (46) Saduakassova,D (2460)-Vasquez Schroder,R (2547) Sitges 2017}) 13. f4 (13. b4 $14) 13... Ndc5 (13... Nac5 {looks sharper.} 14. Be3 fxe4 15. Nxe4 Nxe4 16. Bxe4 Nf6) 14. Be3 (14. fxe5 $11 {remains equal.} Nxd3 15. Qxd3) 14... Nxd3 15. Qxd3 fxe4 16. Nxe4 exf4 17. Bxf4 {[#]} Bf5 $1 18. Qd2 Bxe4 19. Bxe4 Nc5 20. Rae1 Qf6 21. b4 $2 {[%mdl 8192]} (21. Be3 $17 {keeps fighting.} Qxb2 22. Qxb2 Bxb2 23. Bxc5 dxc5 24. a4) 21... axb4 $19 22. axb4 Nxe4 23. Rxe4 {[#]} g5 $1 {[%mdl 512]} 24. Re6 (24. Bxg5 Qxf1#) 24... Qf5 25. g4 (25. Re7 $142 gxf4 26. Rxf4) 25... Qf7 {Precision: White =  5%, Black = 63%.} 0-1

[Event "1st Goa GM Open 2018"]
[Site "Taleigao"]
[Date "2018.10.16"]
[Round "5"]
[White "Ajay Karthikeyan"]
[Black "Gusain, Himal"]
[Result "0-1"]
[WhiteElo "2195"]
[BlackElo "2384"]
[Annotator "TA"]
[PlyCount "124"]
[EventDate "2018.10.13"]
[EventType "swiss"]
[EventCountry "IND"]
[SourceTitle "playchess.com"]
[Source "ChessBase"]
[SourceQuality "1"]

{[%evp 18,124,0,0,0,0,-7,-13,22,20,24,24,33,6,41,20,25,17,24,18,29,7,22,11,14,0,12,0,0,-3,-3,-8,0,-3,-6,-8,-3,-13,-13,-41,-34,-43,-38,-52,-34,-42,-54,-116,-116,-116,-116,-116,-116,-116,-116,-116,-114,-114,-114,-116,-116,-116,-116,-116,-112,-120,0,0,0,0,0,0,0,0,0,0,0,0,0,0,0,0,0,0,0,0,0,0,0,0,0,0,0,-250,-54,-214,-8,-8,-8,-279,-138,-29940,-7312,-29993,-29994,-29994,-1697,-29993,-29994]} 1. d4 d5 2. Bf4 c5 3. e3 Nc6 4. c3 Nf6 5. Nd2 Bf5 6. Qb3 {D00: 1 d4 d5: Unusual lines} (6. Ngf3 e6 7. Be2 Bd6 8. dxc5 Bxc5 9. Nd4 Bg6 10. Qa4 O-O 11. Nxc6 bxc6 12. Qxc6 Rc8 13. Qa4 Re8 14. O-O e5 {0-1 (57) Le,Q (2737)-Ding,L (2777) Riadh 2017}) 6... Qc8 7. Ngf3 e6 8. c4 cxd4 9. Nxd4 Nxd4 10. exd4 {LiveBook: 3 Games} Be7 11. c5 O-O 12. Be2 Nd7 (12... b6 $5) 13. Nf3 Bg4 14. O-O Nb8 $146 ({Predecessor:} 14... Bf6) 15. h3 Bh5 (15... Bxf3 $5 16. Qxf3 (16. Bxf3 Nc6 $14) 16... Nc6 $14) 16. Rac1 Nc6 17. Qe3 Re8 18. a3 a5 19. Rfe1 Bd8 20. Ne5 Bxe2 21. Rxe2 a4 22. Rd1 Bc7 23. Qg3 Nxe5 24. Bxe5 Bxe5 25. Qxe5 b6 26. Rc1 {White wants to play c6.} bxc5 27. Rxc5 Qb8 28. Rc7 Rc8 29. Rec2 Rxc7 30. Qxc7 $15 {[%mdl 4096] Endgame KQR-KQR} h5 {[%cal Bh7h5,Bh5h4][%mdl 32]} 31. Qd7 Qb3 $36 {[%mdl 2048] Black has some pressure.} 32. Rc8+ (32. Qc6 $15 Rb8 33. Qc7) 32... Rxc8 $17 33. Qxc8+ {KQ-KQ} Kh7 34. Qd7 Kg6 35. Qa7 h4 36. Kh2 Qxb2 37. Qxa4 Qxf2 38. Qb4 Qf4+ 39. Kg1 Qc1+ 40. Kf2 Qc2+ 41. Kf1 Kf5 (41... f6 $17 {White must now prevent ...Qc1+.} 42. a4 Qc1+ 43. Kf2 Qf4+ 44. Kg1 e5) 42. a4 $1 $11 Ke4 43. a5 $1 Qa2 44. Qc3 g5 45. Qe1+ Kxd4 46. Qb4+ $1 Kd3 47. Qb5+ Ke3 {[%csl Ge3][%cal Ra2f2]} 48. Qc5+ $1 Ke4 {Hoping for ...Qa4.} 49. Qb5 $1 {[%cal Rb5e2]} Qa1+ 50. Kf2 Qd4+ 51. Kf1 {aiming for Qe2+.} Kf4 52. a6 e5 {...Kg3 is the strong threat.} 53. Qe2 {[%csl Gg2][%cal Re2f3]} Qa1+ 54. Kf2 {[%csl Gh3][%cal Re2g4]} Kf5 55. Qg4+ $2 (55. Qc2+ $11 {and White is okay.} Kf6 56. Qc6+ Kg7 57. Qb6) 55... Kf6 $2 ({Black should try} 55... Kg6 $19 56. Qc8 Qd4+ 57. Kf1 Qa1+ 58. Kf2 Kg7) 56. Qc8 $2 ({White has to play} 56. Qh5 $1 $15) 56... Qd4+ $2 (56... Kg7 $1 $19 {Strongly threatening ...e4.} 57. Qb7 g4 $1 {[%mdl 512]} 58. hxg4 Qd4+ 59. Ke2 e4) 57. Kf1 $1 Kg7 {Threatens to win with ...Qa1+.} 58. Qb7 $2 {[%mdl 8192] [#]} (58. Qc1 $1 $11 {and White stays safe.}) 58... e4 (58... g4 $1 $19 {and Black stays clearly on top. ( -> ...Qd1+)} 59. hxg4 e4) 59. a7 $2 {[%mdl 8192]} (59. Qe7 $17) 59... e3 {[%cal Rd4d1]} 60. Ke2 Qd2+ 61. Kf3 e2 (61... Qf2+ $142 62. Kg4 Kh6 63. Qa6+ f6 64. g3 Qxg3+ 65. Kf5 Qe5+ 66. Kg4 Qf4#) 62. a8=Q e1=Q {Precision: White = 41%, Black = 57%.} 0-1

[Event "1st Goa GM Open 2018"]
[Site "Taleigao"]
[Date "2018.10.16"]
[Round "5"]
[White "Franco Valencia, Angela"]
[Black "Rathnakaran, K.."]
[Result "0-1"]
[WhiteElo "2188"]
[BlackElo "2366"]
[Annotator "TA"]
[PlyCount "23"]
[EventDate "2018.10.13"]
[EventType "swiss"]
[EventCountry "IND"]
[SourceTitle "playchess.com"]
[Source "ChessBase"]
[SourceQuality "1"]

{[%evp 12,23,16,12,38,18,65,23,139,58,116,97,134,-1036]} 1. e4 e6 2. d4 d5 3. exd5 exd5 4. Nf3 Bd6 5. c3 Ne7 6. Bd3 Bg4 7. O-O {LiveBook: 9 Games} Qd7 {C01: French: Exchange Variation} (7... Nbc6 8. b4 a6 9. Nbd2 Qd7 10. Re1 O-O 11. Qc2 h6 12. Ne5 Bxe5 13. dxe5 Bf5 14. Nf3 Rfe8 15. Bf4 Nd8 {½-½ (63) Liu,Y (2337)-Yurtseven,M (2404) Marianske Lazne 2018}) 8. Re1 f6 $146 ({Predecessor:} 8... Bh5 9. Be3 Nbc6 10. Nbd2 Bg6 11. Qc2 O-O 12. Nh4 Bxd3 13. Qxd3 Qg4 14. Ndf3 h6 15. h3 Qd7 16. Re2 Rae8 17. Rae1 Nd8 {½-½ (17) Alcer,F (1760)-Albrecht,R (2109) Berlin 2014}) 9. Nbd2 (9. h3 $5 {[%cal Rh3g4]} Bf5 10. Bxf5 Qxf5 11. Nh4 $16) 9... g6 (9... Nbc6 $11 {keeps the balance.}) 10. b4 (10. h3 $16 Bf5 11. Bxf5 Qxf5 12. Nf1) 10... g5 ({Black should try} 10... O-O $14) 11. a4 a5 12. Nh4 $2 {[%mdl 8192]} (12. b5 $16) 0-1

[Event "1st Goa GM Open 2018"]
[Site "Taleigao"]
[Date "2018.10.16"]
[Round "5"]
[White "Anadkat Kartavya"]
[Black "Karthik Venkataraman"]
[Result "0-1"]
[WhiteElo "2109"]
[BlackElo "2525"]
[Annotator "TA"]
[PlyCount "70"]
[EventDate "2018.10.13"]
[EventType "swiss"]
[EventCountry "IND"]
[SourceTitle "playchess.com"]
[Source "ChessBase"]
[SourceQuality "1"]

{[%evp 12,70,27,30,45,0,35,-27,-15,-48,-19,-22,-31,-29,-14,-16,-27,-123,-132,-108,-126,-126,-139,-127,-102,-93,-88,-439,-389,-904,-875,-1015,-1004,-987,-699,-1074,-585,-1043,-762,-752,-741,-1428,-1454,-1277,-654,-652,-652,-633,-589,-634,-634,-641,-620,-909,-901,-11528,-11376,-6287,-6187,-6291,-5471]} 1. e4 Nc6 2. Nf3 d6 3. d4 Nf6 4. Nc3 g6 5. Bf4 Bg7 6. Qd2 O-O 7. O-O-O {LiveBook: 14 Games} a6 {B08: Pirc Defence: Classical System} (7... Bg4 8. Qe3 Nd7 9. Bg5 Qe8 10. Bh6 Bxf3 11. gxf3 e5 12. Bxg7 Kxg7 13. dxe5 Qxe5 14. Nd5 Nf6 15. Nxc7 {1-0 (48) Mamedov,R (2655)-Grischuk,A (2747) Almaty 2016}) 8. d5 e5 $146 ({Predecessor:} 8... Nb8 9. Bh6 b5 10. Bxg7 Kxg7 11. Bd3 c5 12. dxc6 Nxc6 13. Nd5 e6 14. Nf4 Bb7 15. h4 {½-½ (42) Ellen,J-Tsiperstein,J Dortmund 2000}) 9. Be3 (9. Bg5 $14 Na7 10. a3) 9... Na7 $11 {Black has an edge.} 10. h3 b5 {[%cal Bb7b5,Bb5b4][%mdl 32]} 11. Bd3 $1 b4 12. Ne2 c5 13. dxc6 Nxc6 14. g4 (14. Kb1 $11) 14... d5 $17 15. Ng3 Qa5 $36 {[%mdl 2048] Black is really pushing.} 16. Kb1 Be6 17. b3 dxe4 18. Nxe4 Nd5 {Hoping for ...f5.} 19. a4 $2 {[%mdl 8192]} (19. Bc4 $17 {was the crucial defense.} Rfd8 20. Qe1) 19... Nc3+ $19 20. Nxc3 $2 (20. Kb2 Bd5 21. Nh4 Bxe4 22. Bxe4) 20... bxc3 {Black is clearly winning.} 21. Qc1 Rfb8 22. Qa3 Rb4 23. Ng5 Bd5 24. Be2 {and the idea Rxd5 leaves White hopeful.} Rab8 {[%cal Rd5b3]} 25. Rxd5 Qxd5 26. Rd1 {[#]} Rxb3+ $1 {[%mdl 512]} 27. cxb3 Rxb3+ 28. Kc2 Rxa3 29. Rxd5 Nb4+ 30. Kd1 Ra1+ 31. Bc1 {[#] Threatens to win with Rd8+.} Nxd5 32. Bxa6 Bh6 {And now ...Bxg5 would win.} 33. h4 Bxg5 34. hxg5 Nb4 35. Bc4 e4 {Precision: White = 23%, Black = 74%.} 0-1